Zariadenie na tvarovanie spodku obuvi

Bibliographic Details
Corporate Author: Závody 29. augusta š. p. (Partizánske, Slovensko) (Patent holder)
Other Authors: Vavrovič, Ernest (Originator), Dubina, Štefan (Originator), Peniaška, Koloman (Originator), Petráš, Jozef (Originator)
Format: Book
Language:Slovak
PhysicalDescription:7 strán 8°
Published: Banská Bystrica Úrad priemyselného vlastníctva SR 1996
Subjects:

MARC

LEADER 00000cam a2200000 a 4500
001 vtls001219647
003 SK-MaSNL
005 20260301154503.0
008 960412s1996 xo grj 00000 slo
035 |a SNK000164003 
040 |a SNK  |b slo  |c SNK  |e AACR2 
041 0 |a slo 
043 |a e-xo--- 
044 |a xo  |c SK 
072 7 |a 685  |x Spracovanie kože. Obuvníctvo  |2 konspekt 
080 |a 685.341/.348  |2 2011 
080 |a (088.83)  |2 2001 
245 0 0 |a Zariadenie na tvarovanie spodku obuvi  |c Ernest Vavrovič, Štefan Dubina, Koloman Peniaška, Jozef Petráš 
260 |a Banská Bystrica  |b Úrad priemyselného vlastníctva SR  |c 1996 
300 |a 7 strán  |c 8° 
650 0 7 |a obuv  |2 SNKPH  |9 16847 
650 0 7 |a tvarovanie spodku obuvi  |2 SNKPH  |9 517444 
655 7 |a patenty  |2 SNKPH  |9 177343 
700 1 |a Vavrovič, Ernest  |4 org  |9 517445 
700 1 |a Dubina, Štefan  |4 org  |9 517446 
700 1 |a Peniaška, Koloman  |4 org  |9 517447 
700 1 |a Petráš, Jozef  |4 org  |9 299569 
710 2 |a Závody 29. augusta š. p. (Partizánske, Slovensko)  |4 pth  |9 517448 
999 |c 797014  |d 798944 
952 |t P60, <03>, [BOOK], {603}  |a SNK  |b SNK  |y PREZ  |7 0  |o snkSK 278202  |i snkPS 173/96  |0 0  |1 0  |4 0  |d 1996-09-03  |l 0  |r 2005-01-01 00:00:00  |w 2026-02-24